| 000 | 01012pam a2200301 a 4500 | ||
|---|---|---|---|
| 001 | 2454679 | ||
| 003 | OSt | ||
| 005 | 20151015151243.0 | ||
| 008 | 890803s1990 nju 001 0deng | ||
| 010 | _a 89038971 | ||
| 020 | _a0136841430 | ||
| 040 |
_aDLC _cDLC _dDLC |
||
| 050 | 0 | 0 |
_aPR1175 _b.P59 1990 |
| 082 | 0 | 0 |
_a821.008 _220 |
| 245 | 0 | 4 |
_aThe Poem : _ban anthology. |
| 250 |
_a3rd ed. / _bedited by Stanley B. Greenfield, A. Kingsley Weatherhead, Robert F. Garratt. |
||
| 260 |
_aEnglewood Cliffs, N.J. : _bPrentice Hall, _cc1990. |
||
| 300 |
_axxx, 573 p. ; _c23 cm. |
||
| 500 | _aIncludes index. | ||
| 650 | 0 | _aEnglish poetry. | |
| 650 | 0 | _aAmerican poetry. | |
| 700 | 1 | _aGreenfield, Stanley B. | |
| 700 | 1 |
_aWeatherhead, A. Kingsley _q(Andrew Kingsley), _d1923- |
|
| 700 | 1 | _aGarratt, Robert F. | |
| 906 |
_a7 _bcbc _corignew _d1 _eocip _f19 _gy-gencatlg |
||
| 942 |
_2lcc _cBK |
||
| 999 |
_c250774 _d250774 |
||